Hindutva: (Record no. 183592)

MARC details
000 -LEADER
fixed length control field 00619nam a22001817a 4500
005 - DATE AND TIME OF LATEST TRANSACTION
control field 20211229122311.0
010 ## - LCCN (DPL NO)
LC control number ENG-130743
020 ## - INTERNATIONAL STANDARD BOOK NUMBER
International Standard Book Number 978-93-886-894-27
Terms of availability 399.00
035 ## - SYSTEM CONTROL NUMBER
System control number EN-114275
037 ## - SOURCE OF ACQUISITION
Source of stock number/acquisition DBAD
082 ## - DEWEY DECIMAL CLASSIFICATION NUMBER
Classification number 322.10954
100 ## - MAIN ENTRY--PERSONAL NAME
Personal name Sharma, Jyotirmaya
245 ## - TITLE STATEMENT
Title Hindutva:
Statement of responsibility, etc Exploring the idea of Hindu Nationalism/
Remainder of title Jyotirmaya Sharma
260 ## - PUBLICATION, DISTRIBUTION, ETC. (IMPRINT)
Place of publication, distribution, etc Chennai
Name of publisher, distributor, etc Penguin Books
Date of publication, distribution, etc 2003
270 ## - ADDRESS
Address 1st Floor, A Block, East Wing, Plot No. 40, SP Info City, Dr. MGR Salai, Perungudi, Kandanchavadi
City Chennai
Postal code 600096
300 ## - PHYSICAL DESCRIPTION
Extent 190p
Dimensions 22cm(pbk)
942 ## - ADDED ENTRY ELEMENTS (KOHA)
Source of classification or shelving scheme Dewey Decimal Classification
Item type English Books
Classification part 322.10954
Call number suffix SHA
Holdings
Withdrawn status Lost status Not for loan Collection code Home library Current library Date acquired Source of acquisition Cost, normal purchase price Full call number Barcode Copy number Cost, replacement price Koha item type
      Non-fiction Patel Nagar Patel Nagar 29/12/2021 DBAD/PUB 399.00 322.10954 SHA EN-114275 1 399.00 English Books

© Delhi Public Library
Hit Counter
free hit counter